Stefano Pioli's Lazio - Statistics

General Stats
  • This quiz has been taken 3 times
  • The average score is 18 of 38
Answer Stats
Rank Player Position Nationality Matches Goals Assists % Correct
1 Felipe Anderson Right Winger 78 19 14
100%
4 Miroslav Klose Centre-Forward 66 19 15
100%
15 Stefan de Vrij Centre-Back 40 1 1
100%
34 Álvaro González Central Midfield 5 0 0
67%
2 Antonio Candreva Attacking Midfield 76 20 18
67%
14 Danilo Cataldi Defensive Midfield 45 2 10
67%
16 Etrit Berisha Goalkeeper 37 0 0
67%
11 Filip Djordjevic Centre-Forward 54 14 7
67%
5 Keita Baldé Left Winger 62 9 8
67%
3 Marco Parolo Central Midfield 75 17 5
67%
7 Senad Lulic Left Midfield 61 6 12
67%
18 Sergej Milinković-Savić Central Midfield 32 3 0
67%
13 Stefano Mauri Attacking Midfield 48 10 3
67%
19 Wesley Hoedt Centre-Back 31 1 1
67%
21 Abdoulay Konko Right-Back 30 0 3
33%
20 Alessandro Matri Centre-Forward 31 7 3
33%
33 Brayan Perea Centre-Forward 6 0 0
33%
37 Chris Ikonomidis Right Winger 1 0 0
33%
27 Cristian Ledesma Defensive Midfield 16 1 4
33%
30 Diego Novaretti Centre-Back 7 0 0
33%
9 Dusan Basta Right-Back 57 1 2
33%
36 Ederson Attacking Midfield 5 1 0
33%
23 Edson Braafheid Left-Back 23 0 1
33%
8 Federico Marchetti Goalkeeper 58 0 1
33%
24 Lorik Cana Defensive Midfield 20 0 0
33%
6 Lucas Biglia Defensive Midfield 61 9 8
33%
25 Luis Pedro Cavanda Right-Back 18 0 2
33%
38 Mamadou Tounkara Centre-Forward 1 0 0
33%
12 Maurício Centre-Back 52 0 1
33%
28 Michaël Ciani Centre-Back 12 0 0
33%
29 Milan Bisevac Centre-Back 11 0 0
33%
17 Ogenyi Onazi Defensive Midfield 34 2 3
33%
32 Patric Centre-Back 6 0 0
33%
35 Pereirinha Right Winger 5 0 0
33%
31 Ravel Morrison Attacking Midfield 7 0 0
33%
26 Ricardo Kishna Left Winger 16 2 3
33%
22 Santiago Gentiletti Centre-Back 27 1 0
33%
10 Ștefan Radu Left-Back 54 1 5
33%
No matching quizzes found
Score Distribution
Percent of People with Each Score
Percentile by Number Answered
Your Score History
You have not taken this quiz